=LDR 00000nam 2200000 4500 =001 INLIS000000000020947 =005 20130612115843 =008 ***********************************Ind** =035 ##$$0010-061300000020947 =041 ##$$a Ind =082 ##$$a 2x1 =090 ##$$a 2x1, Naw t =100 ##$$a Nawabuddin, Abdurrab =245 ##$$a Teknik menghafal alquran, Abdurrab Nowabuddin ; penerjemah, Bambang Saiful Ma'arif =260 ##$$a 1996 $b Bandung =300 ##$$a xvi, 101 hlm, 15 cm =650 ##$$a Al-Quran =850 ##$$a NBPNMAT